Construction project management : (Record no. 554014)

000 -LEADER
fixed length control field 00670cam a22002057a 4500
020 ## - INTERNATIONAL STANDARD BOOK NUMBER
International Standard Book Number 0070680752.
020 ## - INTERNATIONAL STANDARD BOOK NUMBER
International Standard Book Number 9789339205447 (hbk.)
022 ## - INTERNATIONAL STANDARD SERIAL NUMBER
International Standard Serial Number 978-0070680753
082 00 - DEWEY DECIMAL CLASSIFICATION NUMBER
Classification number 624.0684
Author Mark CHI
-- M-38, P-122
100 1# - MAIN ENTRY--PERSONAL NAME
Personal name Chitkara K K.
9 (RLIN) 28181
245 10 - TITLE STATEMENT
Title Construction project management :
Remainder of title planning, scheduling, and controlling
Statement of responsibility, etc. KK Chitkara.
250 ## - EDITION STATEMENT
Edition statement 3rd ed,
260 ## - PUBLICATION, DISTRIBUTION, ETC.
Place of publication, distribution, etc. New Delhi :
Name of publisher, distributor, etc. McGrawHill.,
Date of publication, distribution, etc. c2015.
300 ## - PHYSICAL DESCRIPTION
Extent xX, 826 p. :
Other physical details ill. ;
Dimensions 26 cm.
526 ## - STUDY PROGRAM INFORMATION NOTE
Program name 0
Interest level 0
Reading level 0
Title point value 624_068400000000000_CHI
526 ## - STUDY PROGRAM INFORMATION NOTE
Program name 0
Interest level 0
Reading level 0
Title point value 624_068400000000000_CHI
650 #0 - SUBJECT ADDED ENTRY--TOPICAL TERM
Topical term or geographic name entry element Construction industry
General subdivision Management.
9 (RLIN) 806
650 #0 - SUBJECT ADDED ENTRY--TOPICAL TERM
Topical term or geographic name entry element Project management.
942 ## - ADDED ENTRY ELEMENTS (KOHA)
Source of classification or shelving scheme
Koha item type Book
Holdings
Withdrawn status Lost status Source of classification or shelving scheme Damaged status Not for loan Permanent Location Current Location Date acquired Total Checkouts Full call number Barcode Date last seen Date last checked out Price effective from Koha item type
          Military College of Engineering (MCE) Military College of Engineering (MCE) 01/02/2018 2 624.0684 CHI MCE-50527 10/21/2020 09/26/2019 01/02/2018 Book
          Military College of Engineering (MCE) Military College of Engineering (MCE) 01/02/2018 1 624.0684 CHI MCE-50544 04/07/2020 07/10/2019 01/02/2018 Book
© 2023 Central Library, National University of Sciences and Technology. All Rights Reserved.